Highest Mountains in Switzerland on Map - Statistics

General Stats
  • This quiz has been taken 82 times
  • The average score is 10 of 30
Answers on the Map
Answers color-coded by a green-red scale on the quiz's map according to % correct below.
 
Answer Stats
Elevation Mountain % Correct
4478 m Matterhorn
95%
4634 m Dufourspitze
77%
4158 m Jungfrau
71%
3967 m Eiger
69%
4107 m Mönch
63%
4545 m Dom
55%
4049 m
Piz Bernina
55%
4505 m Weisshorn
50%
4274 m Finsteraarhorn
37%
4357 m Dent Blanche
32%
3614 m Tödi
32%
3780 m Breithorn (BE/VS)
31%
4164 m Breithorn (VS)
31%
4314 m Grand Combin
29%
4527 m Liskamm
26%
4078 m Schreckhorn
26%
4017 m Weissmies
26%
4221 m Zinalrothorn
26%
4193 m Aletschhorn
23%
4206 m Alphubel
23%
3934 m Bietschhorn
23%
3661 m Blüemlisalp
19%
3630 m Dammastock
19%
4010 m Lagginhorn
16%
3751 m Piz Morteratsch
16%
3822 m Nesthorn
15%
3937 m Piz Roseg
15%
3698 m Balmhorn
13%
3643 m Doldenhorn
13%
3996 m Piz Zupò
13%
No matching quizzes found
Score Distribution
Percent of People with Each Score
Percentile by Number Answered
Your Score History
You have not taken this quiz